| Поле | Инд. | ПП | Название | Значение |
|---|---|---|---|---|
| Тип записи | a | |||
| Библиографический уровень | b | |||
| 001 | Контрольный номер | 7f60b13fac7040869e3828c6bad676a2 | ||
| 005 | Дата корректировки | 20260528120052.6 | ||
| 024 | 80 | a | Стандартный номер | 10.1134/S1547477125702103 |
| 040 | a | Служба первич. каталог. | Scopus | |
| b | Код языка каталог. | rus | ||
| 041 | 0_ | a | Код языка текста | eng |
| 097 | a | Костяева О.Г. | ||
| 100 | 1_ | a | Автор | Zelenskii A. N. |
| 100 | 1_ | a | Автор | Ladygin V. P. |
| c | Титул (звания) | старший научный сотрудник; доктор физико-математическх наук; профессор (должность); | ||
| i | Z2021_04 | |||
| k | Кафедра фундаментальных проблем физики микромира; Инженерно-физический институт | |||
| q | Полное имя | Ладыгин Владимир Петрович | ||
| u | Дополнение | Ладыгин В. П. | ||
| 100 | 1_ | a | Автор | Fimushkin V. V. |
| 100 | 1_ | a | Автор | Dunin V. B. |
| 100 | 1_ | a | Автор | Ivshin K. V. |
| 245 | 10 | a | Заглавие | Polarimetry in the Accelerator Complex of the NICA Collider |
| 773 | 18 | t | Название источника | Physics of Particles and Nuclei Letters |
| b | Сведения об издании | Pleiades Publishing, Ltd. | ||
| c | Russia | |||
| d | Место и дата издания | 2026 | ||
| m | Специф. данные | входит в Белый список; входит в Scopus; входит в WoS; входит в ядро РИНЦ; ненулевой импакт-фактор | ||
| n | Примечание | Письма в журнал Физика элементарных частиц и атомного ядра | ||
| p | Particles and Nuclei Letters | |||
| q | У3 Белый список; Q3 Scopus 2025 | |||
| o | Прочие индексы | SJR 0.217 | ||
| x | ISSN | 1547-4771; 1531-8567 | ||
| g | Прочая информация | V. 23. - № 2. - P. 196–201 | ||
| w | Контрольный № источника | 37fbe685cc044d0ba0c12d5572a8ac54 | ||
| 901 | t | Тип документа | b | |
| 952 | c | Вид литературы | статья в журнале |